| 000 | 00934cad a22002175a 4500 | ||
|---|---|---|---|
| 001 | E149456 | ||
| 008 | 100308s2009 xxko f 000 0 eng d | ||
| 020 | _a9781848060746 | ||
| 035 | _a(Sirsi) u149456 | ||
| 041 | 0 | _aeng | |
| 110 | 1 |
_aNHBC Foundation _94948 |
|
| 245 | 0 | 0 |
_aZero carbon homes _ban introductory guide for housebuilders _h[electronic resource] |
| 260 |
_aAmersham _bNHBC Foundation _c2009 |
||
| 490 | 0 |
_aNF _v14 |
|
| 520 | _aProvides guidance for builders on the issues associated with the definition of zero carbon. Produced in association with the Zero Carbon Hub. | ||
| 521 | 2 | _aAdvanced | |
| 651 | 4 |
_aUnited Kingdom _y |
|
| 690 | _aENVIRONMENTAL AND LAND CONSULTANCY-ENERGY-ENERGY USE-ENERGY EFFICIENCY | ||
| 856 | 4 | 0 |
_uhttps://www.nhbcfoundation.org/LinkClick.aspx?fileticket=8%2f949UUO%2fW4%3d&tabid=339&mid=774&language=en-GB _zView the report free of charge (PDF file) at www.nhbcfoundation.org |
| 942 | _n0 | ||
| 999 |
_c110509 _d110509 |
||